La sociología del derecho de Max Weber

Sparad:
Bibliografiska uppgifter
Huvudupphovsman: Fariñas Dulce, María José (Författare, medförfattare)
Materialtyp: Bok
Språk:spanska
Publicerad: Madrid Civitas 1991
Serie:Tratados y Manuales
Ämnen:
Taggar: Lägg till en tagg
Inga taggar, Lägg till första taggen!

MARC

LEADER 00000nam a2200000 a 4500
001 UCV3515
003 CL-VaPUC
008 930819e19910000SP |||||||||||||||||spa|d
082 0 4 |a 340.115  |b FAR  |2 21 
100 0 |a Fariñas Dulce, María José  |e author  |9 297757 
245 1 3 |a La sociología del derecho de Max Weber 
300 |a 459 p 
942 |c BK 
945 |d 19930819 00:00:00 
260 |a Madrid  |b Civitas  |c 1991 
650 0 |a Sociología del derecho  |9 254890 
583 |a last modification  |c 19930819 00:00:00  |k Rodrigo Vera 
490 0 |a Tratados y Manuales 
999 |c 210691  |d 210689 
952 |0 0  |1 0  |4 0  |6 340_115000000000000_FAR_1991  |7 0  |8 DER_TF  |9 187120  |a BIBDER  |b BIBDER  |d 2019-11-14  |i 2548232  |o 340.115 FAR 1991  |p 2548232  |r 2023-01-25  |w 2019-11-14  |x Ubicación 4to Piso  |y BK  |z Estos recursos deben solicitarse con anticipación  |k DER